书目信息 |
| 题名: |
中式软装:软装配饰实例解析
|
|
| 作者: | ;中装环艺教育研究院 编 | |
| 分册: | Ⅰ | |
| 出版信息: | 南京 江苏科学技术出版社 2016.8 |
|
| 页数: | 187页 | |
| 开本: | 29cm | |
| 丛书名: | ||
| 单 册: | ||
| 中图分类: | TU241.02- | |
| 科图分类: | ||
| 主题词: | 住宅--室内装饰设计--图集 | |
| 电子资源: | ||
| ISBN: | 978-7-5537-6762-8 | |
| 000 | 01032nam0 2200241 450 | |
| 001 | 0400004047 | |
| 005 | 20171025161959.95 | |
| 010 | @a978-7-5537-6762-8@dCNY79.00 | |
| 100 | @a20160923e2016 em y0chiy50 ea | |
| 101 | 0 | @achi |
| 102 | @aCN@b320000 | |
| 105 | @aa z 000yy | |
| 106 | @ar | |
| 200 | 1 | @a中式软装:软装配饰实例解析@9zhong shi ruan zhuang:ruan zhuang pei shi shi li jie xi@hⅠ@dChinese-style decoration examples and analysis for soft ornaments@hⅠ@f中装环艺教育研究院编@zeng |
| 210 | @a南京@c江苏科学技术出版社@d2016.8 | |
| 215 | @a187页@d29cm | |
| 330 | @a本书主要内容有:新中式里的白色时尚;材质传递出的空间情感讯息;现代中式中的水墨情怀;中式复古家私与现代明快色彩的碰撞;典雅的米黄色系等。 | |
| 510 | 1 | @aChinese-style decoration examples and analysis for soft ornaments@hⅠ@zeng |
| 606 | 0 | @a住宅@x室内装饰设计@j图集 |
| 690 | @aTU241.02-@v5 | |
| 711 | 02 | @a中装环艺教育研究院@9zhong zhuang huan yi jiao yu yan jiu yuan@4编 |
| 801 | 0 | @aCN@b91MARC@c20171023 |
| 905 | @b1027801-5@dTU241.02-@f5@e1086:1 | |
| 中式软装:软装配饰实例解析.Ⅰ=Chinese-style decoration examples and analysis for soft ornaments.Ⅰ/中装环艺教育研究院编.-南京:江苏科学技术出版社,2016.8 |
| 187页;29cm |
| ISBN 978-7-5537-6762-8:CNY79.00 |
| 本书主要内容有:新中式里的白色时尚;材质传递出的空间情感讯息;现代中式中的水墨情怀;中式复古家私与现代明快色彩的碰撞;典雅的米黄色系等。 |
| ● |
| 相关链接 |
|
|
|
|
正题名:中式软装:软装配饰实例解析
索取号:TU241.02-/1086:1
 
预约/预借
| 序号 | 登录号 | 条形码 | 馆藏地/架位号 | 状态 | 备注 |
| 1 | 1027801 | 210278019 | 第二样本阅览室/ [索取号:TU241.02-/1086:1] | 在馆 | |
| 2 | 1027802 | 210278028 | 密集书库-生命科学系/ [索取号:TU241.02-/1086:1] | 在馆 | |
| 3 | 1027803 | 210278037 | 第三借阅区/ [索取号:TU241.02-/1086:1] | 在馆 | |
| 4 | 1027804 | 210278046 | 第三借阅区/ [索取号:TU241.02-/1086:1] | 在馆 | |
| 5 | 1027805 | 210278055 | 第三借阅区/ [索取号:TU241.02-/1086:1] | 在馆 |